Tia sáng

Ngưng đặt mua từ 1/2019

Shranjeno v:
Bibliografske podrobnosti
Glavni avtor: Bộ Khoa học và Công nghệ
Format: Knjiga
Jezik:Undetermined
Izdano: Hà Nội
Teme:
Online dostop:http://lrc.tdmu.edu.vn/opac/search/detail.asp?aID=2&ID=6864
Oznake: Označite
Brez oznak, prvi označite!
Thư viện lưu trữ: Trung tâm Học liệu Trường Đại học Thủ Dầu Một
LEADER 00567nam a2200169Ia 4500
001 TDMU_6864
008 210410s9999 xx 000 0 und d
082 |a NULL 
100 |a Bộ Khoa học và Công nghệ 
245 0 |a Tia sáng 
245 0 |c Bộ Khoa học và Công nghệ 
260 |a Hà Nội 
300 |a 58tr 
520 |a Ngưng đặt mua từ 1/2019 
650 |a Tạp chí Tia sáng  
856 |u http://lrc.tdmu.edu.vn/opac/search/detail.asp?aID=2&ID=6864 
980 |a Trung tâm Học liệu Trường Đại học Thủ Dầu Một